Phòng ngừa vi phạm pháp luật trong thanh niên

Gorde:
Xehetasun bibliografikoak
Egile nagusia: N I Vetrov
Formatua: Liburua
Hizkuntza:Undetermined
Argitaratua: Hà Nội Pháp lí 1986
Gaiak:
Etiketak: Etiketa erantsi
Etiketarik gabe, Izan zaitez lehena erregistro honi etiketa jartzen!
Thư viện lưu trữ: Trung tâm Học liệu Trường Đại học Cần Thơ
LEADER 00517nam a2200181Ia 4500
001 CTU_5948
008 210402s9999 xx 000 0 und d
082 |a 345.08 
082 |b V589 
100 |a N I Vetrov 
245 0 |a Phòng ngừa vi phạm pháp luật trong thanh niên 
245 0 |c N I Vetrov 
260 |a Hà Nội 
260 |b Pháp lí 
260 |c 1986 
650 |a criminal law 
904 |i Nguyễn Quang Điền, 960807 
980 |a Trung tâm Học liệu Trường Đại học Cần Thơ